[Event "SRB-chT"]
[Site "Valjevo"]
[Date "2011.09.01"]
[Round "6.4"]
[White "Jeremic, Veljko"]
[Black "Kovacevic, Aleksandar"]
[Result "1/2-1/2"]
[WhiteElo "2519"]
[BlackElo "2568"]
[PlyCount "103"]
[EventDate "2011.08.27"]
[EventType "team-tourn"]
[EventRounds "11"]
[EventCountry "SRB"]
[SourceTitle "CBM 144 Extra"]
[Source "ChessBase"]
[SourceDate "2011.10.28"]
[SourceVersion "1"]
[SourceVersionDate "2011.10.28"]
[SourceQuality "1"]
[WhiteTeam "Belgrade Agro"]
[BlackTeam "Novi Sad DDOR"]
[WhiteTeamCountry "SRB"]
[BlackTeamCountry "SRB"]

1. Nf3 c5 2. c4 Nc6 3. d4 cxd4 4. Nxd4 Nf6 5. Nc3 e6 6. g3 Qb6 7. Ndb5 Ne5 8. Bf4 Nfg4 9. e3 a6 10. h3 axb5 11. hxg4 Nxc4 12. Qb3 d5 13. Bxc4 dxc4 14. Qxb5+ Qxb5 15. Nxb5 Ra5 16. a4 Bd7 17. Rh5 Bb4+ 18. Ke2 Ke7 19. Nc3 f6 20. Bc7 Ra6 21. g5 Bxc3 22. bxc3 e5 23. gxf6+ gxf6 24. Rh4 Bxa4 25. Rah1 Ke6 26. e4 Be8 27. f4 exf4 28. gxf4 h5 29. f5+ Kd7 30. Bf4 Rg8 31. Rd1+ Ke7 32. e5 Ra5 33. Rd6 fxe5 34. Re6+ Kf7 35. Rxe5 Rxe5+ 36. Bxe5 Rg5 37. Rf4 Bd7 38. Rd4 Bxf5 39. Bf4 Bd3+ 40. Ke3 Rb5 41. Rd6 Rb1 42. Be5 b5 43. Rf6+ Ke7 44. Rb6 Bf5 45. Kf4 Bd7 46. Kg5 Rh1 47. Bd6+ Kf7 48. Bc5 Rf1 49. Bb4 Rf5+ 50. Kh4 Rd5 51. Rd6 Rxd6 52. Bxd6 1/2-1/2

[Event "Artemis Cup 3rd"]
[Site "Leros"]
[Date "2011.07.14"]
[Round "3"]
[White "Estremera Panos, Sergio"]
[Black "Jeremic, Veljko"]
[Result "1-0"]
[WhiteElo "2364"]
[BlackElo "2519"]
[PlyCount "57"]
[EventDate "2011.07.12"]
[EventType "swiss"]
[EventRounds "9"]
[EventCountry "GRE"]
[SourceTitle "CBM 143 Extra"]
[Source "ChessBase"]
[SourceDate "2011.08.29"]
[SourceVersion "1"]
[SourceVersionDate "2011.08.29"]
[SourceQuality "1"]

1. d4 d5 2. c4 c6 3. cxd5 cxd5 4. Nc3 Nf6 5. Nf3 Nc6 6. Bf4 a6 7. Ne5 e6 8. Nxc6 bxc6 9. g3 c5 10. Bg2 Bb7 11. 0-0 c4 12. b3 Bb4 13. Na4 Rc8 14. bxc4 Rxc4 15. Qb3 Qe7 16. Rac1 0-0 17. a3 Rxc1 18. Rxc1 Ba5 19. Nc5 Bc8 20. Qa4 Bb6 21. Qc6 Qd8 22. Rb1 Bxc5 23. dxc5 Qa5 24. Bd6 Re8 25. Bf3 Qxa3 26. Qc7 e5 27. Bxe5 Ne4 28. Bxe4 dxe4 29. Rb8 1-0

[Event "SRB-chT 1st League"]
[Site "Vrnjacka Banja"]
[Date "2010.08.30"]
[Round "10"]
[White "Roganovic, Milos"]
[Black "Jeremic, Veljko"]
[Result "1-0"]
[WhiteElo "2497"]
[BlackElo "2509"]
[PlyCount "60"]
[EventDate "2010.08.21"]
[EventType "team-tourn"]
[EventRounds "11"]
[EventCountry "YUG"]
[SourceTitle "CBM 138 Extra"]
[Source "ChessBase"]
[SourceDate "2010.10.29"]
[SourceVersion "1"]
[SourceVersionDate "2010.10.29"]
[SourceQuality "1"]

1. e4 e6 2. d4 d5 3. Nd2 c5 4. Ngf3 Nf6 5. exd5 Qxd5 6. Bc4 Qh5 7. Nb3 Nc6 8. dxc5 Ne4 9. 0-0 Be7 10. Nfd2 Qxd1 11. Rxd1 Nxc5 12. Nxc5 Bxc5 13. Ne4 Be7 14. Nd6+ Bxd6 15. Rxd6 Ke7 16. Rd1 Rd8 17. Rxd8 Kxd8 18. a4 Bd7 19. Be3 Kc7 20. a5 f6 21. c3 Rb8 22. b4 b6 23. Bf1 Ne7 24. c4 Nf5 25. Bd2 b5 26. Rc1 Kd6 27. g4 Ne7 28. Be3 bxc4 29. Rxc4 Bb5 30. Rc2 Nd5 1-0

[Event "SRB-chT 1st League"]
[Site "Vrnjacka Banja"]
[Date "2010.08.28"]
[Round "8"]
[White "Rajkovic, Dusan"]
[Black "Jeremic, Veljko"]
[Result "0-1"]
[WhiteElo "2453"]
[BlackElo "2509"]
[PlyCount "62"]
[EventDate "2010.08.21"]
[EventType "team-tourn"]
[EventRounds "11"]
[EventCountry "YUG"]
[SourceTitle "CBM 138 Extra"]
[Source "ChessBase"]
[SourceDate "2010.10.29"]
[SourceVersion "1"]
[SourceVersionDate "2010.10.29"]
[SourceQuality "1"]

1. d4 d5 2. c4 c6 3. Nf3 Nf6 4. Nc3 dxc4 5. a4 Bf5 6. Nh4 Bg4 7. h3 Bh5 8. g4 Bg6 9. Nxg6 hxg6 10. e3 e6 11. Bxc4 Bb4 12. Bd2 a5 13. Qf3 Nbd7 14. 0-0-0 Qe7 15. Kb1 Nd5 16. e4 N5b6 17. Bb3 e5 18. dxe5 Nxe5 19. Qg3 0-0-0 20. Bc1 Nec4 21. Ka2 g5 22. Qf3 f6 23. Rxd8+ Rxd8 24. Qe2 Bxc3 25. bxc3 Rd2+ 26. Qxd2 Nxd2 27. Bxd2 Nxa4 28. f3 Nc5 29. Bc2 Qe6+ 30. Kb1 Qc4 31. e5 Nd3 0-1

[Event "SRB-chT 1st League"]
[Site "Vrnjacka Banja"]
[Date "2010.08.27"]
[Round "7"]
[White "Perunovic, Miodrag"]
[Black "Jeremic, Veljko"]
[Result "1/2-1/2"]
[WhiteElo "2449"]
[BlackElo "2509"]
[PlyCount "47"]
[EventDate "2010.08.21"]
[EventType "team-tourn"]
[EventRounds "11"]
[EventCountry "YUG"]
[SourceTitle "CBM 138 Extra"]
[Source "ChessBase"]
[SourceDate "2010.10.29"]
[SourceVersion "1"]
[SourceVersionDate "2010.10.29"]
[SourceQuality "1"]

1. d4 d5 2. c4 c6 3. Nf3 Nf6 4. e3 Bf5 5. Nc3 e6 6. Nh4 Bg6 7. Nxg6 hxg6 8. a3 Nbd7 9. g3 Ne4 10. Nxe4 dxe4 11. b4 f5 12. Bb2 Nf6 13. Qb3 a5 14. Be2 Kf7 15. h3 axb4 16. axb4 Rxa1+ 17. Bxa1 b5 18. Kf1 Qd6 19. cxb5 cxb5 20. Kg2 Qxb4 21. Qc2 Be7 22. Rb1 Rc8 23. Qd1 Qa4 24. Bxb5 1/2-1/2

[Event "SRB-chT 1st League"]
[Site "Vrnjacka Banja"]
[Date "2010.08.22"]
[Round "2"]
[White "Jeremic, Veljko"]
[Black "Solak, Dragan"]
[Result "1/2-1/2"]
[WhiteElo "2509"]
[BlackElo "2567"]
[PlyCount "40"]
[EventDate "2010.08.21"]
[EventType "team-tourn"]
[EventRounds "11"]
[EventCountry "YUG"]
[SourceTitle "CBM 138 Extra"]
[Source "ChessBase"]
[SourceDate "2010.10.29"]
[SourceVersion "1"]
[SourceVersionDate "2010.10.29"]
[SourceQuality "1"]

1. d4 d5 2. c4 c6 3. Nf3 Nf6 4. Nc3 dxc4 5. a4 Bf5 6. e3 e6 7. Bxc4 Nbd7 8. 0-0 Bb4 9. Nh4 Bg6 10. Be2 a5 11. Nxg6 hxg6 12. Qc2 Qc7 13. g3 e5 14. Ne4 exd4 15. exd4 Nd5 16. Bf3 0-0 17. Nc3 Ne7 18. Bf4 Qb6 19. Rad1 Nf6 20. Rd3 Rad8 1/2-1/2

[Event "Leros Artemis Cup 2nd"]
[Site "Leros"]
[Date "2010.07.13"]
[Round "1"]
[White "Jeremic, Veljko"]
[Black "Akkanen, Timo"]
[Result "1-0"]
[WhiteElo "2509"]
[BlackElo "1866"]
[PlyCount "53"]
[EventDate "2010.07.13"]
[EventType "swiss"]
[EventRounds "9"]
[EventCountry "GRE"]
[SourceTitle "CBM 137 Extra"]
[Source "ChessBase"]
[SourceDate "2010.09.01"]
[SourceVersion "1"]
[SourceVersionDate "2010.09.01"]
[SourceQuality "1"]

1. d4 Nf6 2. c4 e6 3. Nf3 Bb4+ 4. Nbd2 b6 5. a3 Bxd2+ 6. Qxd2 Bb7 7. b4 0-0 8. Bb2 d6 9. e3 Nbd7 10. Be2 Qe7 11. 0-0 Ne4 12. Qc2 f5 13. Rad1 c5 14. dxc5 bxc5 15. Ne1 cxb4 16. axb4 a5 17. f3 Nef6 18. bxa5 Rac8 19. Qd2 Rc6 20. Nc2 d5 21. Ba3 Nc5 22. Nb4 Rcc8 23. Nd3 dxc4 24. Nxc5 Rxc5 25. Bxc4 Qc7 26. Bxe6+ Kh8 27. Qd4 1-0

[Event "SRB-chT Cup"]
[Site "Kragujevac"]
[Date "2010.05.19"]
[Round "2"]
[White "Jeremic, Veljko"]
[Black "Maksimovic, Branimir"]
[Result "1/2-1/2"]
[WhiteElo "2506"]
[BlackElo "2410"]
[PlyCount "86"]
[EventDate "2010.05.18"]
[EventType "team-tourn"]
[EventRounds "7"]
[EventCountry "YUG"]
[SourceTitle "CBM 136 Extra"]
[Source "ChessBase"]
[SourceDate "2010.07.02"]
[SourceVersion "2"]
[SourceVersionDate "2010.07.15"]
[SourceQuality "1"]

1. c4 b6 2. Nc3 Bb7 3. d4 e6 4. a3 g6 5. e4 Bg7 6. Be3 Ne7 7. Bd3 d6 8. Nge2 0-0 9. 0-0 c5 10. d5 exd5 11. exd5 Nd7 12. f4 Nf6 13. f5 Nxf5 14. Bxf5 gxf5 15. Bg5 h6 16. Bh4 Qe8 17. Ng3 Qe3+ 18. Kh1 Bc8 19. Nxf5 Bxf5 20. Rxf5 Nd7 21. Bf2 Qe7 22. Qh5 Rae8 23. Rf1 Bxc3 24. bxc3 Qe2 25. Bg3 Qxh5 26. Rxh5 Ne5 27. Bxe5 Rxe5 28. Rxh6 f6 29. Rg6+ Kh7 30. Rg3 Rg8 31. Rgf3 Rf8 32. Kg1 Kg6 33. Rg3+ Kf7 34. Rgf3 Kg6 35. Rf4 Re3 36. R1f3 Rxf3 37. gxf3 f5 38. Rh4 Rb8 39. a4 a6 40. Kf2 b5 41. axb5 axb5 42. cxb5 Rxb5 43. Rh8 Rb3 1/2-1/2

[Event "SRB-chT 1st League"]
[Site "Kragujevac"]
[Date "2009.09.06"]
[Round "6"]
[White "Jeremic, Veljko"]
[Black "Pikula, Dejan"]
[Result "1-0"]
[WhiteElo "2494"]
[BlackElo "2562"]
[PlyCount "54"]
[EventDate "2009.09.01"]
[EventType "team-tourn"]
[EventRounds "11"]
[EventCountry "YUG"]
[SourceTitle "CBM 132 Extra"]
[Source "ChessBase"]
[SourceDate "2009.11.03"]
[SourceVersion "1"]
[SourceVersionDate "2009.11.03"]
[SourceQuality "1"]

1. d4 d6 2. c4 e5 3. Nf3 e4 4. Ng5 f5 5. Nc3 Nf6 6. g3 h6 7. Nh3 g5 8. Bg2 Bg7 9. f3 exf3 10. exf3 Qe7+ 11. Qe2 Qxe2+ 12. Nxe2 Nc6 13. f4 g4 14. Nf2 Kf7 15. Be3 d5 16. Nd3 dxc4 17. Ne5+ Nxe5 18. dxe5 Nh7 19. Bd5+ Kg6 20. 0-0 Re8 21. Nd4 a6 22. Bxc4 Bf8 23. Bf2 c5 24. Nc2 b5 25. Bd5 Ra7 26. Ne3 Rc7 27. h3 gxh3 1-0

[Event "Leros Artemis Cup 1st"]
[Site "Leros"]
[Date "2009.07.17"]
[Round "7"]
[White "Mastrovasilis, Athanasios"]
[Black "Jeremic, Veljko"]
[Result "1/2-1/2"]
[WhiteElo "2503"]
[BlackElo "2487"]
[PlyCount "90"]
[EventDate "2009.07.11"]
[EventType "swiss"]
[EventRounds "9"]
[EventCountry "GRE"]
[SourceTitle "CBM 131 Extra"]
[Source "ChessBase"]
[SourceDate "2009.09.03"]
[SourceVersion "2"]
[SourceVersionDate "2009.09.16"]
[SourceQuality "1"]

1. Nf3 Nf6 2. c4 e6 3. g3 b6 4. Bg2 Bb7 5. 0-0 c5 6. Nc3 Be7 7. d4 cxd4 8. Qxd4 d6 9. Bg5 a6 10. Bxf6 Bxf6 11. Qf4 0-0 12. Rfd1 Be7 13. Ne4 Bxe4 14. Qxe4 Ra7 15. Nd4 Rc7 16. b3 Rc5 17. Rd2 Qc7 18. Rad1 Re5 19. Qd3 Rc5 20. Qe4 Re5 21. Qb1 Rc5 22. Rc2 Rc8 23. Bh3 Qd7 24. Rcd2 Nc6 25. e3 b5 26. Bg2 Ne5 27. cxb5 axb5 28. h3 b4 29. Qe4 Qa7 30. Kh2 Qb6 31. Ra1 Nc6 32. Nxc6 R5xc6 33. Rad1 R6c7 34. Qd4 Qa5 35. h4 d5 36. Qf4 Bf6 37. Bf1 Rc2 38. e4 Qxa2 39. exd5 exd5 40. Qf5 Qb2 41. Qxc8+ Rxc8 42. Rxb2 Bxb2 43. Rxd5 Kf8 44. Rd7 Be5 45. Bc4 Rc7 1/2-1/2

[Event "Leros Artemis Cup 1st"]
[Site "Leros"]
[Date "2009.07.15"]
[Round "5"]
[White "Stanford, Sheila Barth"]
[Black "Jeremic, Veljko"]
[Result "0-1"]
[WhiteElo "2217"]
[BlackElo "2487"]
[PlyCount "92"]
[EventDate "2009.07.11"]
[EventType "swiss"]
[EventRounds "9"]
[EventCountry "GRE"]
[SourceTitle "CBM 131 Extra"]
[Source "ChessBase"]
[SourceDate "2009.09.03"]
[SourceVersion "2"]
[SourceVersionDate "2009.09.16"]
[SourceQuality "1"]

1. e4 e6 2. d4 d5 3. Nc3 Nf6 4. Bg5 dxe4 5. Nxe4 Nbd7 6. Nf3 h6 7. Bxf6 Nxf6 8. Bd3 Be7 9. Qd2 Qd5 10. Nxf6+ Bxf6 11. 0-0 0-0 12. c4 Qh5 13. Rad1 c5 14. dxc5 Qxc5 15. b4 Qc7 16. Qe3 Rd8 17. h3 Bd7 18. Nh2 Ba4 19. Rb1 Bc6 20. Ng4 Bd4 21. Qe2 b6 22. Kh1 Qf4 23. Rfe1 Rd7 24. Rbc1 Rad8 25. Bb1 h5 26. Ne3 Qg5 27. f3 g6 28. Nf1 Qf6 29. c5 bxc5 30. bxc5 Bc3 31. Red1 Rxd1 32. Rxd1 Rxd1 33. Qxd1 Qd4 34. Qe2 Qxc5 35. Be4 Bxe4 36. fxe4 Ba5 37. Nh2 Qc1+ 38. Nf1 h4 39. g4 hxg3 40. Kg2 Bc7 41. Nxg3 Qg5 42. Qd3 Qxg3+ 43. Qxg3 Bxg3 44. Kxg3 e5 45. Kg4 Kg7 46. h4 Kh6 0-1

[Event "Leros Artemis Cup 1st"]
[Site "Leros"]
[Date "2009.07.14"]
[Round "4"]
[White "Jeremic, Veljko"]
[Black "Mchedlishvili, Mikheil"]
[Result "0-1"]
[WhiteElo "2487"]
[BlackElo "2592"]
[PlyCount "132"]
[EventDate "2009.07.11"]
[EventType "swiss"]
[EventRounds "9"]
[EventCountry "GRE"]
[SourceTitle "CBM 131 Extra"]
[Source "ChessBase"]
[SourceDate "2009.09.03"]
[SourceVersion "2"]
[SourceVersionDate "2009.09.16"]
[SourceQuality "1"]

1. d4 d6 2. c4 e5 3. Nf3 e4 4. Ng5 f5 5. g3 Be7 6. h4 c6 7. Nh3 Na6 8. Nc3 Nc7 9. Bg5 Nf6 10. Nf4 Ng4 11. Bxe7 Qxe7 12. e3 0-0 13. Be2 Nf6 14. b4 Ne6 15. b5 Nxf4 16. gxf4 Be6 17. bxc6 bxc6 18. Qa4 c5 19. d5 Bd7 20. Qa5 Rfb8 21. Rb1 Rxb1+ 22. Nxb1 Rb8 23. Nd2 Be8 24. Qa3 Rb4 25. Kd1 Nd7 26. Qc1 Qf6 27. Kc2 Nb6 28. Qa1 Ba4+ 29. Nb3 Qxa1 30. Rxa1 Nxc4 31. Bxc4 Rxc4+ 32. Kb2 Kf7 33. a3 Bb5 34. Nd2 Ra4 35. Kb3 Kg6 36. Rg1+ Kh6 37. Kb2 Be2 38. Re1 Bd3 39. Rg1 c4 40. Rg5 g6 41. h5 Ra5 42. hxg6 hxg6 43. Rg1 Rxd5 44. Kc3 Rb5 45. Rh1+ Kg7 46. Re1 d5 47. Ra1 Rb6 48. Re1 Kf6 49. Rh1 Ra6 50. Kb4 c3 51. Kxc3 Rxa3+ 52. Kd4 Bc2 53. Kc5 Rd3 54. Nb1 Bxb1 55. Rxb1 Rd2 56. Ra1 Kg7 57. Rxa7+ Kh6 58. Ra1 g5 59. fxg5+ Kxg5 60. Rg1+ Kf6 61. Rf1 Ke6 62. Kb4 d4 63. exd4 Rxd4+ 64. Kc5 Rd3 65. Ra1 Ke5 66. Kc4 Kf4 0-1

[Event "Leros Artemis Cup 1st"]
[Site "Leros"]
[Date "2009.07.11"]
[Round "1"]
[White "Salomon, Johan"]
[Black "Jeremic, Veljko"]
[Result "0-1"]
[WhiteElo "1803"]
[BlackElo "2487"]
[PlyCount "65"]
[EventDate "2009.07.11"]
[EventType "swiss"]
[EventRounds "9"]
[EventCountry "GRE"]
[SourceTitle "CBM 131 Extra"]
[Source "ChessBase"]
[SourceDate "2009.09.03"]
[SourceVersion "2"]
[SourceVersionDate "2009.09.16"]
[SourceQuality "1"]

1. e4 e6 2. d4 d5 3. exd5 exd5 4. Nf3 Bd6 5. Bd3 Nc6 6. Nc3 Nge7 7. h3 h6 8. 0-0 Be6 9. Nb5 Qd7 10. Nxd6+ cxd6 11. Bd2 0-0-0 12. Rc1 Kb8 13. b4 Rdg8 14. b5 Nd8 15. c4 dxc4 16. Bxc4 Bxc4 17. Rxc4 Nd5 18. Nh2 Qxb5 19. Qc2 Ne6 20. Rb1 Qd7 21. Qe4 Nb6 22. Rcc1 Rc8 23. Rxc8+ Rxc8 24. Ng4 Qc6 25. Qxc6 Rxc6 26. Ne3 Nxd4 27. Rb4 Ne6 28. a4 d5 29. a5 Nc4 30. Nxc4 dxc4 31. Bc3 f6 32. Rb2 Nf4 33. Rd2 0-1

[Event "BIH-chT 8th"]
[Site "Banja Vrucica"]
[Date "2009.06.10"]
[Round "5"]
[White "Jeremic, Veljko"]
[Black "Vuckovic, Bojan"]
[Result "0-1"]
[WhiteElo "2498"]
[BlackElo "2572"]
[PlyCount "105"]
[EventDate "2009.06.06"]
[EventType "team-tourn"]
[EventRounds "9"]
[EventCountry "BIH"]
[SourceTitle "EXT 2019"]
[Source "ChessBase"]
[SourceDate "2018.10.10"]
[SourceVersion "1"]
[SourceVersionDate "2018.10.10"]
[SourceQuality "1"]
[WhiteTeam "Sokolac Glasinac"]
[BlackTeam "Tuzla Sloboda"]
[WhiteTeamCountry "BIH"]
[BlackTeamCountry "BIH"]

1. Nf3 c5 2. c4 Nf6 3. Nc3 e6 4. d4 cxd4 5. Nxd4 Nc6 6. a3 Be7 7. e4 0-0 8. Nf3 Qc7 9. Be2 b6 10. Bg5 Bb7 11. 0-0 Rac8 12. Bh4 Qb8 13. Bg3 d6 14. Nd2 Nd4 15. Bd3 Nd7 16. f4 Rfd8 17. b4 a6 18. Rc1 Ba8 19. Ne2 Bf6 20. Kh1 Bc6 21. Nxd4 Bxd4 22. Qe2 Bb2 23. Rb1 Bf6 24. c5 b5 25. e5 dxe5 26. Ne4 Bxe4 27. Qxe4 g6 28. c6 Nb6 29. fxe5 Bg7 30. Rf3 Nd5 31. Rbf1 Rf8 32. Rc1 Qa8 33. Bf2 Rxc6 34. Bc5 Qc8 35. Rcf1 Rxc5 36. bxc5 Qxc5 37. Re1 Rc8 38. Ref1 Rf8 39. Re1 a5 40. Bf1 Rc8 41. Qd3 b4 42. Qa6 Rb8 43. Qc4 Qxc4 44. Bxc4 Nb6 45. Ba2 Nd7 46. axb4 axb4 47. Rfe3 h5 48. Bc4 Rc8 49. Ba6 Rc5 50. Rb3 Ra5 51. Bf1 Kf8 52. Rbe3 Bxe5 53. Re4 0-1

[Event "BIH-chT 8th"]
[Site "Banja Vrucica"]
[Date "2009.06.09"]
[Round "4"]
[White "Milosevic, Goran"]
[Black "Jeremic, Veljko"]
[Result "1/2-1/2"]
[WhiteElo "2384"]
[BlackElo "2498"]
[PlyCount "84"]
[EventDate "2009.06.06"]
[EventType "team-tourn"]
[EventRounds "9"]
[EventCountry "BIH"]
[SourceTitle "EXT 2019"]
[Source "ChessBase"]
[SourceDate "2018.10.10"]
[SourceVersion "1"]
[SourceVersionDate "2018.10.10"]
[SourceQuality "1"]
[WhiteTeam "Banja Luka KSK"]
[BlackTeam "Sokolac Glasinac"]
[WhiteTeamCountry "BIH"]
[BlackTeamCountry "BIH"]

1. e4 e6 2. d4 d5 3. Nd2 c5 4. Ngf3 cxd4 5. exd5 Qxd5 6. Bc4 Qd6 7. 0-0 Nf6 8. Nb3 Nc6 9. Qe2 a6 10. a4 Qc7 11. Rd1 Bd6 12. Nbxd4 Nxd4 13. Rxd4 h6 14. b3 Bd7 15. Bb2 Bc6 16. Rh4 Bxf3 17. Qxf3 Be5 18. Bxe5 Qxe5 19. Rd1 Rb8 20. Rhd4 0-0 21. Qg3 Qa5 22. Be2 e5 23. Rc4 Rbd8 24. Qc3 Rxd1+ 25. Bxd1 Qd5 26. Be2 Rd8 27. h3 e4 28. Rc7 Rd7 29. Rc5 Qd6 30. b4 Qf4 31. Qe3 Qd6 32. Qc3 Kh7 33. a5 Qf4 34. Qe3 Qd6 35. c4 b6 36. axb6 Qxb6 37. b5 axb5 38. cxb5 Qa5 39. Bg4 Rb7 40. Bf5+ g6 41. Bxe4 Nxe4 42. Qxe4 Rxb5 1/2-1/2

[Event "BIH-chT 8th"]
[Site "Banja Vrucica"]
[Date "2009.06.07"]
[Round "2"]
[White "Tomic, Bosko"]
[Black "Jeremic, Veljko"]
[Result "1-0"]
[WhiteElo "2382"]
[BlackElo "2498"]
[PlyCount "61"]
[EventDate "2009.06.06"]
[EventType "team-tourn"]
[EventRounds "9"]
[EventCountry "BIH"]
[SourceTitle "EXT 2019"]
[Source "ChessBase"]
[SourceDate "2018.10.10"]
[SourceVersion "1"]
[SourceVersionDate "2018.10.10"]
[SourceQuality "1"]
[WhiteTeam "Tuzla SK Tusanj"]
[BlackTeam "Sokolac Glasinac"]
[WhiteTeamCountry "BIH"]
[BlackTeamCountry "BIH"]

1. e4 e6 2. d4 d5 3. Nc3 Nc6 4. Nf3 Nf6 5. Bg5 Be7 6. e5 Ne4 7. Bxe7 Qxe7 8. Bd3 Nxc3 9. bxc3 Bd7 10. 0-0 Na5 11. Nd2 b6 12. Nb3 Qa3 13. Qg4 g6 14. Qf3 Rc8 15. Qf6 Rg8 16. Rfe1 Nc6 17. c4 Nd8 18. cxd5 exd5 19. c4 Be6 20. cxd5 Bxd5 21. Be4 Bxe4 22. Rxe4 Qe7 23. Qf3 Ne6 24. Re2 c6 25. Rc1 Qd7 26. Rec2 Nxd4 27. Nxd4 Qxd4 28. Rd1 Qa4 29. e6 fxe6 30. Qf6 Qe4 31. Rcd2 1-0

[Event "SRB-chT"]
[Site "Subotica"]
[Date "2008.09.06"]
[Round "6"]
[White "Jeremic, Veljko"]
[Black "Sarenac, David"]
[Result "1-0"]
[WhiteElo "2503"]
[BlackElo "2222"]
[PlyCount "61"]
[EventDate "2008.09.01"]
[EventType "team"]
[EventRounds "11"]
[EventCountry "YUG"]
[SourceTitle "CBM 126 Extra"]
[Source "ChessBase"]
[SourceDate "2008.11.05"]
[SourceVersion "1"]
[SourceVersionDate "2008.11.05"]
[SourceQuality "1"]

1. Nf3 Nf6 2. c4 g6 3. Nc3 d5 4. Qa4+ Bd7 5. Qb3 dxc4 6. Qxc4 c5 7. Ne5 Be6 8. Qxc5 Bg7 9. g3 0-0 10. Bg2 Na6 11. Qb5 Qd6 12. Nc4 Qd4 13. d3 Nc7 14. Qxb7 Ncd5 15. Nxd5 Nxd5 16. 0-0 Rab8 17. Qa6 Rfc8 18. a3 Nc7 19. Qa4 Bxc4 20. dxc4 Ne6 21. Bd5 Nc5 22. Qxa7 Nb3 23. Be3 Qf6 24. Rad1 e6 25. Bb7 Re8 26. c5 Qxb2 27. c6 Qc2 28. Qb6 Be5 29. Rb1 Nd2 30. Bxd2 Qxd2 31. c7 1-0

[Event "SRB-chT"]
[Site "Subotica"]
[Date "2008.09.04"]
[Round "4"]
[White "Popov, Sinisa S"]
[Black "Jeremic, Veljko"]
[Result "0-1"]
[WhiteElo "2472"]
[BlackElo "2503"]
[PlyCount "94"]
[EventDate "2008.09.01"]
[EventType "team"]
[EventRounds "11"]
[EventCountry "YUG"]
[SourceTitle "CBM 126 Extra"]
[Source "ChessBase"]
[SourceDate "2008.11.05"]
[SourceVersion "1"]
[SourceVersionDate "2008.11.05"]
[SourceQuality "1"]

1. d4 Nf6 2. c4 e6 3. Nf3 b6 4. g3 Bb4+ 5. Bd2 Bxd2+ 6. Qxd2 Ba6 7. b3 c6 8. Bg2 d5 9. Qc2 Nbd7 10. Nbd2 Rc8 11. 0-0 0-0 12. e4 Nxe4 13. Nxe4 dxe4 14. Qxe4 b5 15. c5 Nf6 16. Qe2 Qa5 17. Rfe1 b4 18. Qc2 Bb5 19. Re3 Rfd8 20. Rd1 Rc7 21. Ne5 Nd5 22. Ree1 Re7 23. Rd2 Qc7 24. Re4 f6 25. Nf3 Nc3 26. Re1 Nd5 27. h4 Qd7 28. Bh3 Qe8 29. Rdd1 Qh5 30. Kg2 Rde8 31. Ra1 Nc3 32. Re3 Nd5 33. Ree1 Nc3 34. Qd2 Qd5 35. Re3 e5 36. Rae1 e4 37. Kh2 Kf8 38. Ng1 Rd8 39. Bg2 Qxd4 40. Qc2 Qd2 41. Qxd2 Rxd2 42. a3 f5 43. axb4 Nd5 44. Nh3 Nxe3 45. Rxe3 Rd3 46. Bf1 Rxe3 47. Bxb5 Rxb3 0-1

[Event "SRB-chT Cup"]
[Site "Zlatibor"]
[Date "2008.06.22"]
[Round "7.4"]
[White "Jeremic, Veljko"]
[Black "Stamenkovic, Aleksandar"]
[Result "1/2-1/2"]
[WhiteElo "2503"]
[BlackElo "2265"]
[PlyCount "187"]
[EventDate "2008.06.16"]
[EventType "team"]
[EventRounds "9"]
[EventCountry "YUG"]
[SourceTitle "CBM 125 Extra"]
[Source "ChessBase"]
[SourceDate "2008.09.01"]
[SourceVersion "1"]
[SourceVersionDate "2008.09.01"]
[SourceQuality "1"]

1. d4 d5 2. c4 c6 3. Nf3 Nf6 4. Qc2 dxc4 5. Qxc4 Bf5 6. g3 e6 7. Bg2 Nbd7 8. 0-0 Be7 9. Nc3 0-0 10. Re1 Ne4 11. Qb3 Qb6 12. Nh4 Bxh4 13. gxh4 Nef6 14. Qxb6 axb6 15. Bf4 Rfe8 16. Bd6 h6 17. e4 Bg6 18. f3 e5 19. Red1 Re6 20. dxe5 Nxe5 21. b3 Bh5 22. Bxe5 Rxe5 23. Rd3 g5 24. hxg5 hxg5 25. Rad1 Kf8 26. R1d2 b5 27. h4 gxh4 28. f4 Rc5 29. e5 Ne8 30. Rh3 Bg6 31. Ne2 Rc2 32. Rxc2 Bxc2 33. Rxh4 Rxa2 34. Rh8+ Ke7 35. Nd4 Rb2 36. Bh3 Be4 37. e6 fxe6 38. Nxe6 b6 39. Ng5 Bd5 40. Rh7+ Kd6 41. Rh6+ Kc5 42. Ne6+ Kb4 43. Nd8 c5 44. Bd7 Nc7 45. Rxb6 Rxb3 46. f5 c4 47. Ne6 Bxe6 48. fxe6 Ka5 49. Rb7 Nxe6 50. Bxe6 Re3 51. Bd7 Re5 52. Kf2 Kb4 53. Bg4 Kc3 54. Be2 b4 55. Rc7 Re4 56. Bf3 Rf4 57. Ke3 Rh4 58. Be4 b3 59. Rc8 Rh3+ 60. Ke2 Rh2+ 61. Ke3 Rh4 62. Rc7 Rh3+ 63. Ke2 Kd4 64. Bf5 Rh2+ 65. Kf3 Rh1 66. Ke2 Kc3 67. Be4 Rc1 68. Rc8 Ra1 69. Bd5 Ra4 70. Rb8 Ra2+ 71. Ke3 Rh2 72. Rc8 Rh4 73. Be4 Rg4 74. Rc7 Rg5 75. Rc8 Rb5 76. Bd3 Re5+ 77. Be4 Rb5 78. Bd3 Rb4 79. Rc7 b2 80. Bb1 Rb6 81. Rc8 Re6+ 82. Kf2 Rh6 83. Rb8 Rh1 84. Be4 Rh2+ 85. Ke3 Rd2 86. Rb7 Rd1 87. Ke2 Rd6 88. Ke3 Ra6 89. Rb8 Ra3 90. Rb7 Ra1 91. Ke2 Ra6 92. Ke3 Rh6 93. Bf5 Rh1 94. Ke2 1/2-1/2

[Event "SRB-chT Cup"]
[Site "Zlatibor"]
[Date "2008.06.20"]
[Round "5.3"]
[White "Jeremic, Veljko"]
[Black "Nestorovic, Dejan"]
[Result "1/2-1/2"]
[WhiteElo "2503"]
[BlackElo "2426"]
[PlyCount "95"]
[EventDate "2008.06.16"]
[EventType "team"]
[EventRounds "9"]
[EventCountry "YUG"]
[SourceTitle "CBM 125 Extra"]
[Source "ChessBase"]
[SourceDate "2008.09.01"]
[SourceVersion "1"]
[SourceVersionDate "2008.09.01"]
[SourceQuality "1"]

1. d4 Nf6 2. c4 e6 3. Nc3 Bb4 4. Qc2 0-0 5. a3 Bxc3+ 6. Qxc3 Ne4 7. Qc2 f5 8. Nf3 b6 9. g3 Bb7 10. Bg2 c5 11. 0-0 Nc6 12. Rd1 Qe7 13. b3 cxd4 14. Nxd4 Nxd4 15. Rxd4 Rac8 16. Bb2 e5 17. Rdd1 d5 18. Rac1 b5 19. Qb1 bxc4 20. bxc4 d4 21. e3 dxe3 22. fxe3 Qc5 23. Qd3 Rcd8 24. Qe2 Bc6 25. Rd3 h6 26. a4 Rxd3 27. Qxd3 Rf7 28. Qa3 Qa5 29. Bc3 Qc7 30. Qb2 Nxc3 31. Bxc6 Qxc6 32. Qxc3 Qc5 33. Rd1 Rc7 34. Qd3 e4 35. Qd5+ Qxd5 36. cxd5 Kf7 37. d6 Rd7 38. Rd5 Ke6 39. Ra5 h5 40. h3 g6 41. Ra6 Kf6 42. Kg2 Kg5 43. Rc6 a5 44. Rb6 h4 45. Kf2 Kh5 46. Ra6 Kg5 47. Rb6 Kh5 48. Ra6 1/2-1/2